Съдбата на П. К. Яворов (Запис номер 123840)
[ съкратено ]
| 000 -Лидер | |
|---|---|
| Контролно поле с фиксирана дължина | 02222nam a2200445 c 4500 |
| 003 - Код на организацията, давaща контролен номер | |
| Контролно поле | BLK |
| 005 - Дата и час на последна редакция | |
| Контролно поле | 20240313005505.0 |
| 008 - Елементи от данни с фиксирана дължина | |
| fixed length control field | 180409b bul|||||r ||||||| ||bul|| |
| 010 ## - Наследен системен номер | |
| LC control number | KNG00129503000 |
| 040 ## - Източник на каталожния запис | |
| Идентификатор на билиотеката - собственик на записа | BLK |
| 041 ## - Код за език | |
| Код за езика на текст/звукозапис или на отделно заглавие | Български |
| Код за езика КДБФ | Български |
| 072 #7 - Код за тематичната категория | |
| Код организация | bullib |
| Код за тематична категория | А |
| Текст | Фонд Михаил Арнаудов |
| 080 ## - УДК | |
| Текстов определител УДК | Българска литература |
| УДК код - определител по УДК | 821.163.2 |
| УДК определител | (092) |
| УДК - код + определител | 821.163.2(092) |
| 080 ## - УДК | |
| Текстов определител УДК | Български поет |
| УДК код - определител по УДК | 929 Яворов, Пейо Крачолов |
| УДК - код + определител | 929 Яворов, Пейо Крачолов |
| 100 1# - Редна дума - Автор | |
| Автор | Арнаудов, Михаил Петров |
| R(LIN) | 33558 |
| 139 ## - Редно поле | |
| Редна дума | Арнаудов, Михаил Петров |
| Авторски знак | Яво - Я 18 |
| 245 10 - Сведения за заглавието | |
| Заглавие | Съдбата на П. К. Яворов |
| Подзаглавни данни | По повод публикуваното следствено дело |
| Редно поле (дума) | Михаил Петров Арнаудов. |
| 257 ## - Страна на издаване | |
| Страна на създаване/издаване | България |
| 260 ## - Област на издателските данни | |
| Име на издателя, разпространителя и проч. | Художник |
| Година на издаване | 1926 |
| Печатница | София : Художник |
| 300 ## - Физическа характеристика | |
| Страници | 41 с. |
| Размери/Мащаб | 21 см |
| 380 ## - Жанр | |
| Жанр | Литературознание |
| 490 ## - СЕРИИ (Колекции) | |
| 9 (RLIN) | 396381 |
| Име на серия | Частна колекция - Академик Михаил Арнаудов |
| Бележки за серията | Дарение - Основен фонд |
| 500 ## - Общи забележки | |
| Забележка | Кор. опис. - С прил. Писма на Яворов до Лора. - Екз. от Фонд М. Арнаудов е отпеч. от Бълг. мисъл, 1, 1925-1926, № 3, с. 311-326, № 4-5, с. 412-431. - Инв. № подв. към Арнаудов, Михаил. Канонът на българската литература и е с твърда подв. - Инв. № 319853 с мека подв. |
| 650 #4 - Допълнително описание по предмет – тема | |
| Основно описание – тема или топоним | Поети, български - биографии |
| 9 (RLIN) | 277817 |
| 651 #4 - Допълнително описание по предмет - топоним | |
| Географско понятие | България |
| 9 (RLIN) | 241624 |
| 653 ## - Ключова дума – ненормативна | |
| Ключова дума | Пейо Яворов |
| 653 ## - Ключова дума – ненормативна | |
| Ключова дума | български поети |
| 653 ## - Ключова дума – ненормативна | |
| Ключова дума | биографии |
| 659 ## - Тематичен бюлетин | |
| Тематичен бюлетин | А |
| 852 ## - Местоположение | |
| Форматна сигнатура | МА 98 |
| Фондова буква | Фонд "Михаил Арнаудов" |
| 852 ## - Местоположение | |
| Форматна сигнатура | Цб 8.235.7056 |
| Фондова буква | Основен фонд - ползва се само за читалня |
| 856 4# - Електронен адрес и достъп | |
| Електронен формат | pdf - файл |
| 856 4# - Електронен адрес и достъп | |
| Електронен формат | pdf - файл |
| 999 ## - СИСТЕМНИ КОНТРОЛНИ НОМЕРА | |
| Koha biblionumber | 123840 |
| Koha biblioitemnumber | 123840 |
| 942 ## - АРТИКУЛИ | |
| Вид на библиотечния материал | Книги |
| Скрит в OPAC | Не |
| Периодичен библиозапис | Да |
| 944 ## - СЪЗДАВАНЕ И РЕДАКЦИЯ на ЗАПИСА | |
| Създаване/Редакция | Създаване |
| Дата на регистрацията/редакция | 04.04.2012 |
| Статус, дата на статуса | CRON CRON |
| Служител, извършил регистрацията/редакцията | |
| 944 ## - СЪЗДАВАНЕ И РЕДАКЦИЯ на ЗАПИСА | |
| Създаване/Редакция | Редакция |
| Дата на регистрацията/редакция | 11.10.2016 |
| Статус, дата на статуса | 04.04.2012 - от С1,Р / 04.04.2012 |
| Служител, извършил регистрацията/редакцията | Геновева_Генчева |
| 999 ## - СИСТЕМНИ КОНТРОЛНИ НОМЕРА | |
| Koha biblioitemnumber | 123840 |
| 999 ## - СИСТЕМНИ КОНТРОЛНИ НОМЕРА | |
| Koha biblioitemnumber | 123840 |
| 999 ## - СИСТЕМНИ КОНТРОЛНИ НОМЕРА | |
| Koha biblioitemnumber | 123840 |
| Код за отписване | Код за изгубен артикул | Източник на класификационната схема | Код за повреда | Коз за рестрикции | Код за отдаване | Артикулен № | Име на библиотеката - собственик | Име на библиотеката, в която се намира в момента | Статус (Текущо местоположение) | Дата на вписване в системата | Местоположение - отдел | Цена в лева | Инвентарен номер | Систематично азбучна сигнатура | Баркод | Номер на екземпляра | Цена в евро | Служебна бележка | Служебен тип на артикула |
|---|---|---|---|---|---|---|---|---|---|---|---|---|---|---|---|---|---|---|---|
| Не е изгубен | Universal Decimal Classification | Не е повреден | само за читалня | ползва се в читалня | 200680 | Регионална библиотека "Любен Каравелов" Русе | Регионална библиотека "Любен Каравелов" Русе | Хранилище | 1926-01-01 | Основен фонд - ползва се само за читалня | 0.03 | 7056 | Цб 8.235.7056 | 900000075308 | 1 | 0.02 | Дост: Pk Вид: Ф N: стар фонд Дата: 01.01.1926 | Книги | |
| Изтеглен | Не е изгубен | Universal Decimal Classification | Не е повреден | без рестрикции | ползва се в читалня | 200681 | Регионална библиотека "Любен Каравелов" Русе | Регионална библиотека "Любен Каравелов" Русе | Хранилище | 1926-01-01 | Основен фонд - ползва се само за читалня | 0.00 | 3492/59 | Цб 8.235.7056 | 3492/59 | 2 | 0.00 | Дост: Pk Вид: Ф N: стар фонд Дата: 01.01.1926 | Книги |
| Не е изгубен | Universal Decimal Classification | Не е повреден | само за читалня | Специални фондове ( старопечатни, редки и ценни, фонд М. Арнаудов) | 200682 | Регионална библиотека "Любен Каравелов" Русе | Регионална библиотека "Любен Каравелов" Русе | Фонд "Михаил Арнаудов" | 1973-01-01 | Фонд "Михаил Арнаудов" | 0.80 | 319853 | МА 98 | 120000319853 | 3 | 0.41 | Дост: DA Вид: А N: стар фонд Дата: 01.01.1973 | Книги | |
| Не е изгубен | Universal Decimal Classification | Не е повреден | Специални фондове ( старопечатни, редки и ценни, фонд М. Арнаудов) | 747781 | Регионална библиотека "Любен Каравелов" Русе | Регионална библиотека "Любен Каравелов" Русе | Фонд "Михаил Арнаудов" | 2019-10-21 | Фонд "Михаил Арнаудов" | 11.00 | МА 98 | 120000836954 | 5.62 | Книги |